The economics of money and banking

Guardat en:
Dades bibliogràfiques
Autor principal: Chandler, Lester V (Autor)
Format: Llibre
Idioma:anglès
Publicat: Nueva York Harper & Row 1964
Edició:4a. ed
Matèries:
Etiquetes: Afegir etiqueta
Sense etiquetes, Sigues el primer a etiquetar aquest registre!

MARC

LEADER 00000nam a2200000 a 4500
001 UCR7689
003 CL-VaPUC
008 980519e19640000US |||||||||||||||||eng|d
082 0 4 |a 332.4  |b CHA  |2 21 
100 0 |a Chandler, Lester V  |e author  |9 409069 
245 1 4 |a The economics of money and banking 
250 |a 4a. ed 
300 |a 606 p 
942 |c BK 
945 |d 19980519 00:00:00  |a crobeson 
260 |a Nueva York  |b Harper & Row  |c 1964 
650 7 |a ECONOMIA MONETARIA  |2 CL-VaPUC  |9 317790 
650 0 |a Moneda  |9 342365 
650 0 |a Finanzas  |9 260832 
650 7 |a DEUDA  |2 CL-VaPUC  |9 375786 
650 0 |a Crédito  |9 256211 
650 7 |a BANCOS COMERCIALES  |2 CL-VaPUC  |9 375787 
650 0 |a Política monetaria  |9 258279 
650 0 |a Sistema monetario   |9 371822 
583 |a last modification  |c 19980519 00:00:00  |k Rodrigo Vera 
999 |c 269279  |d 269277